<?xml version="1.0" encoding="UTF-8"?>
<record
    xmlns:xsi="http://www.w3.org/2001/XMLSchema-instance"
    xsi:schemaLocation="http://www.loc.gov/MARC21/slim http://www.loc.gov/standards/marcxml/schema/MARC21slim.xsd"
    xmlns="http://www.loc.gov/MARC21/slim">

  <leader>00286pam a2200145 a 4500</leader>
  <datafield tag="020" ind1=" " ind2=" ">
    <subfield code="c"></subfield>
  </datafield>
  <datafield tag="041" ind1=" " ind2=" ">
    <subfield code="h"></subfield>
  </datafield>
  <datafield tag="100" ind1=" " ind2=" ">
    <subfield code="a">George W. Snedecor</subfield>
  </datafield>
  <datafield tag="245" ind1=" " ind2=" ">
    <subfield code="a">Statistical Methods</subfield>
  </datafield>
  <datafield tag="260" ind1=" " ind2=" ">
    <subfield code="c">1994</subfield>
  </datafield>
  <datafield tag="300" ind1=" " ind2=" ">
    <subfield code="a">503</subfield>
  </datafield>
  <datafield tag="653" ind1=" " ind2=" ">
    <subfield code="a">Statistics</subfield>
  </datafield>
  <datafield tag="700" ind1=" " ind2=" ">
    <subfield code="a">William G. Cocharan</subfield>
  </datafield>
  <datafield tag="930" ind1=" " ind2=" ">
    <subfield code="a">908</subfield>
  </datafield>
  <datafield tag="999" ind1=" " ind2=" ">
    <subfield code="c">246761</subfield>
    <subfield code="d">246761</subfield>
  </datafield>
  <datafield tag="952" ind1=" " ind2=" ">
    <subfield code="0">0</subfield>
    <subfield code="1">0</subfield>
    <subfield code="4">0</subfield>
    <subfield code="7">0</subfield>
    <subfield code="8">general</subfield>
    <subfield code="a">EVP</subfield>
    <subfield code="b">EVP</subfield>
    <subfield code="d">2011-09-19</subfield>
    <subfield code="l">2</subfield>
    <subfield code="o"> </subfield>
    <subfield code="p">EVP-699</subfield>
    <subfield code="r">2025-12-02 00:00:00</subfield>
    <subfield code="s">2025-10-16</subfield>
    <subfield code="t">1</subfield>
    <subfield code="w">2023-04-03</subfield>
    <subfield code="y">BK</subfield>
  </datafield>
</record>
